| 000 | 00000nam 2200000za 4500 |
| 001 | 9.837813 |
| 003 | CaOODSP |
| 005 | 20221107151229 |
| 007 | cr ||||||||||| |
| 008 | 170606s1985 onc |o f|0| 0 eng d |
| 040 | |aCaOODSP|beng |
| 043 | |an-cn--- |
| 086 | 1 |aCS11-614/85-16E-PDF |
| 100 | 1 |aDagum, Estela Bee. |
| 245 | 10|aSeasonal adjustment of labour force series during recession and non-recession periods |h[electronic resource] / |cby Estela Bee Dagum and Marietta Morry. |
| 260 | |a[Ottawa] : |bStatistics Canada, |c[1985]. |
| 300 | |a18 p. |
| 490 | 1 |aWorking paper ; |v86-16 |
| 500 | |aDigitized edition from print [produced by Statistics Canada]. |
| 500 | |a"Working paper TSRA-85-016E." |
| 504 | |aIncludes bibliographic references. |
| 520 | |a"The main purpose of this study is to assess whether the use of X-ll-ARIMA with concurrent seasonal factors still produces the smallest revisions during recession years when compared to other three feasible alternative procedures"--Introduction, p. 1. |
| 692 | 07|2gccst|aStatistical analysis |
| 692 | 07|2gccst|aMethodology |
| 700 | 1 |aMorry, M. |
| 710 | 1 |aCanada. |bStatistics Canada. |bMethodology Branch. |
| 830 | #0|aWorking paper (Statistics Canada. Methodology Branch)|v85-16|w(CaOODSP)9.834763 |
| 856 | 40|qPDF|s2.02 MB|uhttps://publications.gc.ca/collections/collection_2017/statcan/11-613/CS11-614-85-16-eng.pdf |
| 986 | |a11-614E |